Effect of oil palm and cassava silage on digestibilty of pigs, (ឥទ្ធិពលនៃប្រេង និង ស្លឹកដំឡូងមីផ្អាប់ទៅលើលទ្ធភាពរំលាយរបស់ជ្រូក) (Record no. 1798)
[ view plain ]
| 000 -LEADER | |
|---|---|
| fixed length control field | 00605nam a22001577a 4500 |
| 003 - CONTROL NUMBER IDENTIFIER | |
| control field | OSt |
| 005 - DATE AND TIME OF LATEST TRANSACTION | |
| control field | 20151003143036.0 |
| 008 - FIXED-LENGTH DATA ELEMENTS--GENERAL INFORMATION | |
| fixed length control field | 151003b xxu||||| |||| 00| 0 eng d |
| 040 ## - CATALOGING SOURCE | |
| Transcribing agency | RUA |
| 082 ## - DEWEY DECIMAL CLASSIFICATION NUMBER | |
| Classification number | AVM KEO 1993 B073 Or.1 |
| 100 ## - MAIN ENTRY--PERSONAL NAME | |
| 9 (RLIN) | 1903 |
| Personal name | KEO SATH |
| 245 ## - TITLE STATEMENT | |
| Title | Effect of oil palm and cassava silage on digestibilty of pigs, (ឥទ្ធិពលនៃប្រេង និង ស្លឹកដំឡូងមីផ្អាប់ទៅលើលទ្ធភាពរំលាយរបស់ជ្រូក) |
| 260 ## - PUBLICATION, DISTRIBUTION, ETC. (IMPRINT) | |
| Place of publication, distribution, etc. | phnom penh |
| Name of publisher, distributor, etc. | RUA |
| Date of publication, distribution, etc. | 1993 |
| 300 ## - PHYSICAL DESCRIPTION | |
| Extent | viii. |
| Other physical details | ill. |
| Dimensions | 29cm. |
| 942 ## - ADDED ENTRY ELEMENTS (KOHA) | |
| Source of classification or shelving scheme | |
| Koha item type | AVM |
| Price effective from | Date last seen | Permanent Location | Not for loan | Date acquired | Source of classification or shelving scheme | Koha item type | Lost status | Withdrawn status | Date last checked out | Total Checkouts | Shelving location | Damaged status | Barcode | Current Location | Full call number |
|---|---|---|---|---|---|---|---|---|---|---|---|---|---|---|---|
| 2015-10-03 | 2019-03-26 | Library Block B | 2015-10-03 | AVM | 2019-02-09 | 1 | B073 | RUA009095 | Library Block B | AVM KEO 2003 B073 Or.1 | |||||
| 2015-10-06 | 2018-12-25 | Library Block B | 2015-10-06 | AVM | 2018-11-26 | 1 | B074 | RUA015135 | Library Block B | AVM KEO 2003 B074 Or.1 | |||||
| 2015-10-06 | 2015-10-06 | Library Block B | 2015-10-06 | AVM | B074 | RUA015067 | Library Block B | AVM KEO 2003 B074 Or.2 | |||||||
| 2015-10-06 | 2015-10-06 | Library Block B | 2015-10-06 | AVM | B074 | RUA009150 | Library Block B | AVM KEO 2003 B074 Or.3 | |||||||
| 2015-10-06 | 2015-10-06 | Library Block B | 2015-10-06 | AVM | B074 | RUA009297 | Library Block B | AVM KEO 2003 B074 Or.4 | |||||||
| 2015-10-06 | 2015-10-06 | Library Block B | 2015-10-06 | AVM | B074 | RUA015299 | Library Block B | AVM KEO 2003 B074 Or.5 |